000 00323nam a22001457a 4500
008 210308b ||||| |||| 00| 0 eng d
020 _a078173486X
041 _aeng
080 _26th
_a61
082 _a61
100 _a3
101 _aSHM
245 _aPrinciples of Ambulatory Medicine
_cBarker, L.R
942 _2udc
_cBK
999 _c55945
_d55945